000 00695nam a2200205 a 4500
001 59158
003 BD-RjUL
005 20211209080711.0
008 161221s1971 enk||||| |||| 00| 0 eng d
035 _a(BD-RjUL)59282
040 _aBD-RjUL
_beng
_cBD-RjUL
041 _aeng
082 _223
_a341.23
_bUNE 1971
110 _aUnited Nations. Office of Public Information.
_9175903
245 1 0 _aEveryman's United Nations :
_b a summary of the activities of the United Nations during the five-year period 1966-1970 /
260 _aNew York :
_bOffice of Public Information, United Nations,
_c[1971?]
300 _a248 p. ;
_c21 cm.
650 _aUnited Nations
_9175904
942 _2ddc
_cBK
999 _c59158
_d59158